Sumpahan Mahsuri

Bibliographic Details
Main Author: Rosnah M. D
Format: Book
Published: Selangor : Sama Publications & Distributors , 2004
Series:Siri novel kreatif remaja
Subjects:

MARC

LEADER 00000cam a2200000 7i4500
001 0000000661
005 20151222.0
008 070702
020 |a 9679389316(set) 
020 |a 9679389359 
090 0 0 |a JF   |b AD MAL (348) 
100 0 |a Rosnah M. D 
245 1 0 |a Sumpahan Mahsuri   |c Rosnah M. D 
260 |a Selangor :   |b Sama Publications & Distributors ,   |c 2004 
440 0 |a Siri novel kreatif remaja 
500 |a Children ages 7-9 years old (orange) 
650 0 |a Detective and mystery stories, Malay 
650 0 |a Malay fiction 
999 |a 0000918447   |b Book   |c Children Collection   |e Cawangan Bukit Gambir 
999 |a 0000918449   |b Book   |c Children Collection   |e Cawangan Bukit Gambir 
999 |a 0000927334   |b Book   |c Children Collection   |e Cawangan Tangkak 
999 |a 0000927335   |b Book   |c Children Collection   |e Cawangan Tangkak 
999 |a 0000959246   |b Book   |c Children Collection   |e Perbadanan Perpustakaan Awam Johor 
999 |a 0000959247   |b Book   |c Children Collection   |e Cawangan Kota Tinggi 
999 |a 0000959248   |b Book   |c Children Collection   |e Cawangan Kota Tinggi 
999 |a 0000959249   |b Book   |c Children Collection   |e Cawangan Kota Tinggi 
999 |a 0000959250   |b Book   |c Children Collection   |e Perbadanan Perpustakaan Awam Johor